| 000 | 00724nam a2200217 i 4500 | ||
|---|---|---|---|
| 001 | 96565 | ||
| 003 | ES-MaACL | ||
| 005 | 20230906181934.0 | ||
| 007 | t| | ||
| 008 | 050627s1985 sp ||||1| spa d | ||
| 020 | _a84-85876-35-0 | ||
| 100 | 1 |
_aMalory, Thomas. _975848 |
|
| 245 | 1 | 3 |
_aLa muerte de Arturo / _cThomas Malory; edición preparada y traducción por Francisco Torres Oliver. |
| 260 |
_aMadrid : _bSiruela, _c1985. |
||
| 300 |
_a3 v. ; _c23 cm. |
||
| 490 | 1 |
_aSelección de lecturas medievales ; _v14-16 |
|
| 700 | 1 |
_aTorres Oliver, Francisco, _d1935- _9110996 |
|
| 830 | 0 |
_aSelección de lecturas medievales ; _v14-16 _9179419 |
|
| 852 |
_aES-MaACL _jL-11418-20 _bR.110592 |
||
| 999 |
_c96565 _d96565 |
||